[Event "Nicolosi Etna op 1st"]
[Site "Nicolosi"]
[Date "2014.12.08"]
[Round "7"]
[White "Monaco, Alessandro"]
[Black "Gigante, Giovanni"]
[Result "0-1"]
[WhiteElo "1664"]
[BlackElo "1801"]
[PlyCount "112"]
[EventDate "2014.12.05"]
[EventType "swiss"]
[EventRounds "7"]
[EventCountry "ITA"]
[SourceTitle "CBM 163 Extra"]
[Source "ChessBase"]
[SourceDate "2014.12.23"]
[SourceVersion "1"]
[SourceVersionDate "2014.12.23"]
[SourceQuality "1"]

1. d4 Nf6 2. Bf4 e6 3. e3 b6 4. Nd2 Bb7 5. Ngf3 Be7 6. Bd3 c5 7. c3 0-0 8. Qc2 cxd4 9. exd4 d5 10. Bg5 h6 11. Bh4 Nc6 12. 0-0 Rc8 13. a3 Qc7 14. Bg3 Bd6 15. Bxd6 Qxd6 16. Qd1 Qb8 17. Re1 a6 18. Qe2 b5 19. Ne5 Nxe5 20. dxe5 Nd7 21. Nb3 Ba8 22. f4 Nc5 23. Nxc5 Rxc5 24. Qg4 Rc7 25. f5 exf5 26. Qxf5 Qb6+ 27. Kh1 g6 28. Qf4 Kg7 29. Rf1 Re8 30. Rae1 Re6 31. Re3 Rd7 32. Rh3 h5 33. Qg5 d4 34. Rxh5 Bxg2+ 35. Qxg2 dxc3 36. Rh3 cxb2 37. Qxb2 Rde7 38. Qd2 Qc6+ 39. Kg1 Qc5+ 40. Rf2 Qxe5 41. Qh6+ Kg8 42. Qh7+ Kf8 43. Bxg6 Rxg6+ 44. Qxg6 Qe1+ 45. Kg2 Qxf2+ 46. Kxf2 fxg6 47. Rg3 Kf7 48. h4 Re5 49. Kf3 Rc5 50. Ke2 Kf6 51. Kd3 Rc4 52. Rf3+ Ke5 53. Re3+ Kf5 54. Rf3+ Rf4 55. Rh3 Kg4 56. Rh1 Rf3+ 0-1

[Event "Nicolosi Etna op 1st"]
[Site "Nicolosi"]
[Date "2014.12.07"]
[Round "4"]
[White "Monaco, Alessandro"]
[Black "Gueci, Laura"]
[Result "0-1"]
[WhiteElo "1664"]
[BlackElo "2010"]
[PlyCount "70"]
[EventDate "2014.12.05"]
[EventType "swiss"]
[EventRounds "7"]
[EventCountry "ITA"]
[SourceTitle "CBM 163 Extra"]
[Source "ChessBase"]
[SourceDate "2014.12.23"]
[SourceVersion "1"]
[SourceVersionDate "2014.12.23"]
[SourceQuality "1"]

1. e4 c5 2. Nc3 Nc6 3. g3 g6 4. Bg2 Bg7 5. d3 d6 6. Be3 e6 7. f4 Nge7 8. Nf3 Nd4 9. 0-0 0-0 10. Qd2 Rb8 11. Nd1 b5 12. c3 Nxf3+ 13. Bxf3 b4 14. d4 bxc3 15. Nxc3 cxd4 16. Bxd4 Bxd4+ 17. Qxd4 Nc6 18. Qf2 e5 19. Nd5 Nd4 20. Bg2 Ba6 21. Rfe1 Rc8 22. Nc3 f6 23. Bf1 Qb6 24. Kg2 Bb7 25. Rac1 Kg7 26. b3 Qa5 27. Bc4 f5 28. Qe3 fxe4 29. Nxe4 Nf5 30. Qd3 d5 31. Bxd5 Qxd5 32. Qxd5 Bxd5 33. Rxc8 Rxc8 34. Kg1 exf4 35. gxf4 Re8 0-1

[Event "Nicolosi Etna op 1st"]
[Site "Nicolosi"]
[Date "2014.12.06"]
[Round "2"]
[White "Monaco, Alessandro"]
[Black "Tirenna, Francesco"]
[Result "1-0"]
[WhiteElo "1664"]
[BlackElo "1422"]
[PlyCount "155"]
[EventDate "2014.12.05"]
[EventType "swiss"]
[EventRounds "7"]
[EventCountry "ITA"]
[SourceTitle "CBM 163 Extra"]
[Source "ChessBase"]
[SourceDate "2014.12.23"]
[SourceVersion "1"]
[SourceVersionDate "2014.12.23"]
[SourceQuality "1"]

1. e4 e6 2. d3 d5 3. Nd2 c5 4. Ngf3 Nc6 5. g3 Bd6 6. Bg2 Nge7 7. 0-0 0-0 8. Re1 Qc7 9. Nf1 d4 10. c3 e5 11. cxd4 cxd4 12. N1d2 Bg4 13. a3 b5 14. Nb3 Rfc8 15. Bd2 Qb6 16. h3 Bd7 17. Re2 f6 18. g4 a5 19. Be1 Ng6 20. Rc2 Be6 21. Nc1 Rc7 22. Ne2 Bb3 23. Rxc6 Rxc6 24. Qxb3+ Kf8 25. g5 a4 26. Qd1 Be7 27. Bd2 Rac8 28. Rc1 Rxc1 29. Bxc1 Rc6 30. Ng3 Qc7 31. Bd2 Rc2 32. Qb1 Nf4 33. gxf6 Bxf6 34. Bf1 g6 35. Bc3 Rxc3 36. bxc3 dxc3 37. Ne1 Qc5 38. Nc2 Bh4 39. Qb4 Qxb4 40. Nxb4 Be7 41. Nc2 Ne6 42. Ne2 Nd4 43. Nexd4 exd4 44. Nxd4 Bxa3 45. Be2 b4 46. Bd1 b3 47. Nxb3 axb3 48. Bxb3 Ke7 49. f4 Kd6 50. d4 h5 51. Kf2 Bb2 52. e5+ Ke7 53. d5 Bc1 54. Kf3 Kd7 55. Ke4 Ba3 56. Ba4+ Ke7 57. f5 gxf5+ 58. Kxf5 Bb2 59. Kg5 c2 60. Bxc2 Bxe5 61. Kxh5 Kd6 62. Be4 Bd4 63. Kg5 Bc3 64. h4 Be5 65. Kg6 Bh8 66. h5 Bd4 67. h6 Bh8 68. Kf7 Be5 69. h7 Bh8 70. Kg8 Be5 71. h8Q Bxh8 72. Kxh8 Ke7 73. Kg7 Kd6 74. Kf7 Kd7 75. Bf3 Kd8 76. Ke6 Ke8 77. d6 Kd8 78. d7 1-0

[Event "Terre degli Elimi op 3rd"]
[Site "Erice"]
[Date "2012.07.27"]
[Round "3"]
[White "Lo Piccolo, Antonino"]
[Black "Monaco, Alessandro"]
[Result "1/2-1/2"]
[WhiteElo "1870"]
[BlackElo "1700"]
[PlyCount "78"]
[EventDate "2012.07.25"]
[EventType "swiss"]
[EventRounds "7"]
[EventCountry "ITA"]
[SourceTitle "EXT 2013"]
[Source "ChessBase"]
[SourceDate "2012.11.22"]
[SourceVersion "1"]
[SourceVersionDate "2012.11.22"]
[SourceQuality "1"]

1. d4 d5 2. c4 e6 3. Nc3 a6 4. cxd5 exd5 5. Nf3 c6 6. Bf4 Bd6 7. Bxd6 Qxd6 8. e3 Bf5 9. Be2 Nd7 10. 0-0 Ngf6 11. Rc1 0-0 12. a3 Rfe8 13. Na4 Bg4 14. h3 Bxf3 15. Bxf3 Ne4 16. Qd3 f5 17. b4 Qg6 18. Qe2 Ndf6 19. Nc5 Nxc5 20. bxc5 f4 21. Rb1 Re7 22. Rb3 fxe3 23. fxe3 Ne4 24. Bxe4 Qxe4 25. Qf2 Qe6 26. Qf4 Qd7 27. Rb2 Re6 28. Qf5 Rae8 29. Rbf2 Qe7 30. Rf3 Rxe3 31. Kh2 Rxf3 32. Rxf3 Rf8 33. Qg4 Qc7+ 34. Kg1 Rxf3 35. Qxf3 b6 36. Qe2 h6 37. Qxa6 bxc5 38. dxc5 Qe7 39. Qxc6 Qe1+ 1/2-1/2

[Event "Trapani Province-ch"]
[Site "Erice"]
[Date "2012.01.15"]
[Round "2"]
[White "Monaco, Alessandro"]
[Black "Messina, Damiano"]
[Result "0-1"]
[WhiteElo "1707"]
[BlackElo "1931"]
[PlyCount "140"]
[EventDate "2012.01.15"]
[EventType "swiss"]
[EventRounds "6"]
[EventCountry "ITA"]
[SourceTitle "EXT 2024"]
[Source "ChessBase"]
[SourceDate "2023.10.10"]
[SourceVersion "1"]
[SourceVersionDate "2023.10.10"]
[SourceQuality "1"]

1. e4 e6 2. d3 d5 3. Nd2 Nf6 4. Ngf3 Be7 5. g3 dxe4 6. dxe4 0-0 7. Bg2 Nc6 8. c3 e5 9. 0-0 Rb8 10. h3 h6 11. Qe2 Be6 12. Rd1 Qc8 13. Kh2 b5 14. b3 Nd7 15. Bb2 Qa6 16. a4 Qb6 17. axb5 Qxb5 18. Qxb5 Rxb5 19. Bf1 Rb7 20. b4 f6 21. Nc4 Nb6 22. Nfd2 Rd8 23. Ba3 Nxc4 24. Bxc4 Bxc4 25. Nxc4 Rxd1 26. Rxd1 Kf7 27. Bc1 Ke8 28. Rd5 a6 29. Na5 Nxa5 30. Rxa5 Rb6 31. Be3 Rc6 32. Ra3 a5 33. Rxa5 Rxc3 34. Rb5 Rb3 35. Bc5 Bxc5 36. Rxc5 Kd7 37. Rc4 g6 38. Kg2 h5 39. f3 Rb2+ 40. Kg1 g5 41. g4 h4 42. Kh1 Kd6 43. Kg1 c6 44. Kh1 Kc7 45. Kg1 Kb6 46. Rc1 Rxb4 47. Rd1 Rd4 48. Rb1+ Kc5 49. Rc1+ Rc4 50. Rd1 Rd4 51. Rc1+ Kd6 52. Ra1 Rd2 53. Ra5 c5 54. Ra6+ Ke7 55. Kf1 Rd6 56. Ra7+ Rd7 57. Ra6 Rd6 58. Ra7+ Rd7 59. Ra6 Rc7 60. Ke2 c4 61. Kd2 Rd7+ 62. Kc3 Rd3+ 63. Kxc4 Rxf3 64. Ra7+ Ke6 65. Ra6+ Kf7 66. Ra7+ Kg6 67. Kd5 Rxh3 68. Ra8 Rb3 69. Kc4 Rb7 70. Ra3 Rd7 0-1

[Event "Trapani Province-ch"]
[Site "Erice"]
[Date "2011.02.12"]
[Round "6"]
[White "Lo Piccolo, Antonino"]
[Black "Monaco, Alessandro"]
[Result "1/2-1/2"]
[WhiteElo "1851"]
[BlackElo "1755"]
[PlyCount "55"]
[EventDate "2011.02.12"]
[EventType "swiss"]
[EventRounds "6"]
[EventCountry "ITA"]
[SourceTitle "EXT 2024"]
[Source "ChessBase"]
[SourceDate "2023.10.10"]
[SourceVersion "1"]
[SourceVersionDate "2023.10.10"]
[SourceQuality "1"]

1. c4 c5 2. Nf3 Nf6 3. Nc3 Nc6 4. g3 g6 5. Bg2 Bg7 6. 0-0 0-0 7. d4 d6 8. d5 Na5 9. Qd3 Rb8 10. e4 e5 11. Nd2 Nh5 12. a3 b6 13. Rb1 f5 14. b4 Nb7 15. exf5 Bxf5 16. Be4 Bh3 17. Re1 Nf6 18. Nf3 Bg4 19. Bg5 Qd7 20. Nh4 Nxe4 21. Nxe4 Bf5 22. Nxf5 Qxf5 23. Qe3 Rf7 24. bxc5 dxc5 25. Rbd1 h6 26. Bxh6 Bxh6 27. Qxh6 Nd6 28. Nxd6 1/2-1/2

[Event "Erice op 1st"]
[Site "Erice"]
[Date "2010.07.29"]
[Round "2"]
[White "Monaco, Alessandro"]
[Black "Bertino, Giacomo"]
[Result "0-1"]
[WhiteElo "1802"]
[BlackElo "1988"]
[PlyCount "74"]
[EventDate "2010.07.28"]
[EventType "swiss"]
[EventRounds "7"]
[EventCountry "ITA"]
[SourceTitle "EXT 2024"]
[Source "ChessBase"]
[SourceDate "2023.10.10"]
[SourceVersion "1"]
[SourceVersionDate "2023.10.10"]
[SourceQuality "1"]

1. e4 e6 2. d3 c5 3. Nc3 d5 4. exd5 exd5 5. g3 Nf6 6. Bg5 Be7 7. Bxf6 Bxf6 8. Qe2+ Be6 9. Bg2 0-0 10. Nf3 Re8 11. 0-0 Nc6 12. Qd2 Qb6 13. Rab1 Rad8 14. Ng5 Nd4 15. Nxe6 fxe6 16. Rfe1 h6 17. Ne2 Bg5 18. f4 Bf6 19. c3 Nf5 20. Kh1 d4 21. c4 Ne3 22. b4 Nxg2 23. Kxg2 Qc6+ 24. Kf2 e5 25. fxe5 Rxe5 26. Nf4 Re3 27. Nd5 Rf8 28. Kg1 Bg5 29. Qg2 Ref3 30. Rf1 Rxd3 31. Rxf8+ Kxf8 32. Rf1+ Kg8 33. Qe4 Re3 34. Qf5 Re6 35. Qf7+ Kh7 36. Qf5+ Rg6 37. Ne7 Bxe7 0-1

[Event "Trapani Province-ch"]
[Site "Erice"]
[Date "2010.01.11"]
[Round "2"]
[White "Romeo, Ettore"]
[Black "Monaco, Alessandro"]
[Result "0-1"]
[WhiteElo "1335"]
[BlackElo "1805"]
[PlyCount "50"]
[EventDate "2010.01.10"]
[EventType "swiss"]
[EventRounds "6"]
[EventCountry "ITA"]
[SourceTitle "EXT 2024"]
[Source "ChessBase"]
[SourceDate "2023.10.10"]
[SourceVersion "1"]
[SourceVersionDate "2023.10.10"]
[SourceQuality "1"]

1. e4 d5 2. Nc3 dxe4 3. Nxe4 Bf5 4. d3 e6 5. Ng5 Be7 6. N1f3 h6 7. Ne4 Nd7 8. Nd4 Bxe4 9. dxe4 Ngf6 10. Bb5 c6 11. Bc4 Nb6 12. Qd3 Qc7 13. Qg3 Qxg3 14. fxg3 Nxc4 15. 0-0 Bc5 16. Rd1 Rd8 17. c3 e5 18. b3 exd4 19. Kf2 Ne5 20. Bf4 d3+ 21. Be3 Nfg4+ 22. Ke1 Nxe3 23. Rd2 Nc2+ 24. Kf1 Ng4 25. Rc1 Nxh2# 0-1

[Event "Nicolo La Rosa op 17th"]
[Site "Mazara del Vallo"]
[Date "2009.08.07"]
[Round "1"]
[White "Monaco, Alessandro"]
[Black "Campo, Renato"]
[Result "0-1"]
[WhiteElo "1605"]
[BlackElo "2018"]
[PlyCount "121"]
[EventDate "2009.08.07"]
[EventType "swiss"]
[EventRounds "6"]
[EventCountry "ITA"]
[SourceTitle "EXT 2011"]
[Source "ChessBase"]
[SourceDate "2010.11.26"]
[SourceVersion "1"]
[SourceVersionDate "2010.11.26"]
[SourceQuality "1"]

1. e4 g6 2. Nc3 Bg7 3. Bc4 c5 4. d3 Nc6 5. Nge2 Na5 6. 0-0 Nxc4 7. dxc4 d6 8. Bd2 Nf6 9. Rb1 0-0 10. Qc1 Re8 11. Ng3 Ng4 12. h3 Ne5 13. b3 Nc6 14. Nce2 Bd7 15. c3 e5 16. f4 exf4 17. Bxf4 Ne5 18. Qd2 Bc6 19. Rbd1 Qa5 20. Nc1 Rad8 21. Qf2 f6 22. Nd3 Nf7 23. b4 Qa3 24. Bc1 Qxc3 25. Bb2 Qxc4 26. Bxf6 Bxf6 27. Qxf6 Qd4+ 28. Kh2 Qxf6 29. Rxf6 Bxe4 30. Nxe4 Rxe4 31. Rdf1 Re7 32. bxc5 dxc5 33. Nxc5 Rd2 34. R1f2 Rxf2 35. Rxf2 b6 36. Nb3 Ne5 37. Rd2 Kf7 38. Kg3 Rc7 39. Rf2+ Ke6 40. Re2 Rc3+ 41. Kf4 Rc4+ 42. Re4 g5+ 43. Ke3 Rc3+ 44. Kd2 Rg3 45. Re2 Kd5 46. Ke1 a5 47. Kf2 Rc3 48. Re3 Rc2+ 49. Re2 Nd3+ 50. Ke3 Rxe2+ 51. Kxe2 Nb4 52. Nc1 Kd4 53. a3 Nc2 54. a4 Kc4 55. Kd2 Nd4 56. Na2 Kb3 57. Nc3 Ne6 58. Nd5 Kxa4 59. Nxb6+ Kb3 60. Kc1 Nf4 61. Nd7 0-1

[Event "Sicilia Regional-ch"]
[Site "Erice"]
[Date "2009.05.31"]
[Round "3"]
[White "Gangemi, Salvatore"]
[Black "Monaco, Alessandro"]
[Result "1-0"]
[WhiteElo "2100"]
[BlackElo "1599"]
[PlyCount "57"]
[EventDate "2009.05.30"]
[EventType "swiss"]
[EventRounds "7"]
[EventCountry "ITA"]
[SourceTitle "EXT 2011"]
[Source "ChessBase"]
[SourceDate "2010.11.26"]
[SourceVersion "1"]
[SourceVersionDate "2010.11.26"]
[SourceQuality "1"]

1. c4 c5 2. g3 g6 3. Bg2 Bg7 4. Nc3 Nc6 5. Nf3 d6 6. 0-0 Nf6 7. d3 0-0 8. h3 a6 9. e4 Rb8 10. a4 Re8 11. Bg5 h6 12. Bd2 Nd7 13. Ne1 Nd4 14. Be3 b6 15. Kh2 Nf8 16. f4 f5 17. Nf3 e5 18. fxe5 Nxf3+ 19. Qxf3 Rxe5 20. Bf4 Re8 21. exf5 Bxf5 22. g4 Be6 23. Ne4 Be5 24. Bxe5 dxe5 25. Nf6+ Kg7 26. Nxe8+ Qxe8 27. Qf6+ Kh7 28. Qxe5 Nd7 29. Qd6 1-0